Normal view
MARC view
- Morris , Edmund
Entry Personal Name
001 - CONTROL NUMBER
- control field: 133891
003 - CONTROL NUMBER IDENTIFIER
- control field: NUST
005 - DATE AND TIME OF LATEST TRANSACTION
- control field: 20260406154032.0
008 - FIXED-LENGTH DATA ELEMENTS
- fixed length control field: 260406|| aca||aabn | a|a d
040 ## - CATALOGING SOURCE
- Original cataloging agency: NUST
- Transcribing agency: NUST
100 ## - HEADING--PERSONAL NAME
- Personal name: Morris , Edmund
670 ## - SOURCE DATA FOUND
- Source citation: Work cat.: (NUST): Morris , Edmund., Theodore Rex /, 2001.
